| 000 | 01039nam a22003017a 4500 | ||
|---|---|---|---|
| 001 | 4770 | ||
| 003 | FISKH | ||
| 005 | 20241219141938.0 | ||
| 008 | 241010b cb ||||| |||| 00| 0 eng d | ||
| 020 | _a9780590040501 | ||
| 040 |
_aFISKH _beng _cFISKH _dFISKH |
||
| 050 | _aPZ7.R982 | ||
| 082 | _a507 | ||
| 100 |
_aRylant, Cynthia _d(1954-) |
||
| 245 |
_aHenry and Mudge and the starry night / _cThe Seventeenth Book of Their advantures Story by Cynthia Rylant Pictures by Sucie Stevenson |
||
| 250 | _aFirst printing in 1998 | ||
| 260 |
_aNew York : _bScholastic, _c1998. |
||
| 300 |
_a40 pages : _bColor illustrations ; _c23 cm |
||
| 505 | _aJ | ||
| 520 | _aHenry, his dog Mudge, and his parents go on a quiet camping trip to Big Bear Lake, enjoying the clean smell of trees and wonderful green dreams. | ||
| 521 | 8 |
_a440L
_bLexile |
|
| 521 | 8 |
_aJ
_bRaz-Plus |
|
| 650 |
_2Camping _aChapter book |
||
| 650 |
_2Friendship _aFamily _vDogs |
||
| 700 |
_aStevenson, Sucie _dIllustrator |
||
| 942 |
_2ddc _cBK _n0 |
||
| 999 |
_c4770 _d4770 |
||